Les directeurs du FMI en images - Statistiques

Statistiques générales
  • Ce quiz a été pris 15 fois
  • Le résultat moyen est 2 sur 13
Statistiques - réponses
Par images Hint Réponse % Correct
Français - 2007-2011 - DSK Dominique Strauss-Kahn
100%
Française - 2011-2019 CL Christine Lagarde
87%
Bulgare - 2019-? - KG Kristalina Georgieva
20%
Français - 1987-2000 - MC Michel Camdessus
7%
Américaine - 2004 - AK Anne Krueger
0%
Belge - 1946-1951 - CG Camille Gutt
0%
Suédois - 1951-1956 - IR Ivar Rooth
0%
Français - 1978-1987 - JDL Jacques de Larosière
0%
Néerlandais - 1973-1978 - JW Johan Witteveen
0%
Américain - 2011 - JL John Lipsky
0%
Suédois - 1956-1963 - PJ Peer Jacobsson
0%
Français - 1963-1973 - P-PS Pierre-Paul Schweitzer
0%
Espagnol - 2004-2007 - RR Rodrigo Rato
0%
Aucun quiz correspondant
Distribution des résultats
% des personnes avec chaque résultat
Percentile par nombre de réponses
Votre historique - résultats
Vous n’avez pas pris ce quiz